Estudio de factibilidad de un sistema de operación ininterrumpida para la Planta Hidroeléctrica Anonos

Furkejuvvon:
Bibliográfalaš dieđut
Váldodahkki: Villalta Castañeda, Alexander
Materiálatiipa: Girji
Almmustuhtton: San José, Costa Rica 1987
Fáttát:
Fáddágilkorat: Lasit fáddágilkoriid
Eai fáddágilkorat, Lasit vuosttaš fáddágilkora!

MARC

LEADER 00000nam a2200000Ia 4500
003 005259
005 20221231144326.0
008 140114s1987 cr a m 000 ||s d
040 |c cru CEDI 
090 |a TFG 2511 
100 |a Villalta Castañeda, Alexander  |9 12636 
245 |a Estudio de factibilidad de un sistema de operación ininterrumpida para la Planta Hidroeléctrica Anonos 
260 |c 1987  |a San José, Costa Rica 
300 |a [xix], 205 hojas (algunas plegables) : ilustraciones ; 28 cm  
500 |a  Proyecto de graduación (licenciatura en ingeniería mecánica)--Universidad de Costa Rica. Facultad de Ingeniería. Escuela de Ingeniería Mecánica 
650 |x PLANTA HIDROELECTRICA ANONOS (COSTA RICA)  |9 12637 
942 |c TFG 
999 |c 20193  |d 20193